[Event "Torneo Circolo Salvadanee'"]
[Site "Milano ITA"]
[Date "1996.04.18"]
[Round "6"]
[White "Lanzani, Mario"]
[Black "Magrini, Riccardo"]
[Result "1-0"]
[WhiteElo "2320"]
[BlackElo "2300"]
[PlyCount "68"]
[EventDate "1996.04.13"]

1.Nf3 f5 2.g3 Nf6 3.Bg2 g6 4.O-O Bg7 5.d4 O-O 6.c3 d6 7.Qb3+ Kh8 8.Ng5 d5 
9.h4 c6 10.Nd2 Qd6 11.Ndf3 Nh5 12.c4 h6 13.Nh3 dxc4 14.Qxc4 Be6 15.Qc2 Bd5
16.Nf4 Nxf4 17.Bxf4 Qe6 18.Ne5 Bxg2 19.Kxg2 Nd7 20.Qb3 Qxb3 21.Nxg6+ Kg8 
22.axb3 Rfe8 23.Rfd1 e6 24.Ne5 Red8 25.Nc4 Bf8 26.Na5 Nf6 27.Nxb7 Rd5 28.
Ra5 Rxa5 29.Nxa5 Rc8 30.Rc1 c5 31.Nb7 Nd7 32.Nxc5 Nxc5 33.b4 Bg7 34.e3 e5 
1-0

[Event "Torneo Circolo Salvadanee'"]
[Site "Milano ITA"]
[Date "1996.04.18"]
[Round "6"]
[White "Vujovic, Milorad"]
[Black "Pozzi, Enrico"]
[Result "1-0"]
[WhiteElo "2345"]
[BlackElo "2240"]
[PlyCount "55"]
[EventDate "1996.04.13"]

1.c4 e5 2.Nc3 Nf6 3.Nf3 Nc6 4.d4 exd4 5.Nxd4 d5 6.cxd5 Nxd5 7.Nxc6 bxc6 8.
Bd2 Bc5 9.Qa4 Bd7 10.Qc4 Qe7 11.Nxd5 cxd5 12.Qxd5 O-O 13.a3 Be6 14.Qe5 
Rad8 15.Bc3 f6 16.Qf4 Rd5 17.e3 g5 18.Qa4 Bd7 19.Qb3 Be6 20.Bc4 Rd6 21.O-O
Kg7 22.Bxe6 Rxe6 23.Qd5 h6 24.Rac1 Bb6 25.Bb4 Rd8 26.Qf5 c5 27.Bc3 Re4 28.
Bxf6+ 1-0

[Event "Torneo Circolo Salvadanee'"]
[Site "Milano ITA"]
[Date "1996.04.19"]
[Round "7"]
[White "Magrini, Riccardo"]
[Black "Vujovic, Milorad"]
[Result "1/2-1/2"]
[WhiteElo "2300"]
[BlackElo "2345"]
[PlyCount "45"]
[EventDate "1996.04.13"]

1.d4 Nf6 2.Nf3 d5 3.g3 g6 4.Bg2 Bg7 5.O-O O-O 6.c4 dxc4 7.Na3 c5 8.Nxc4 
cxd4 9.Qxd4 Nc6 10.Qh4 Bg4 11.Be3 Qc8 12.Rac1 Rd8 13.h3 Be6 14.b3 Bd5 15.
Nce5 Qe6 16.Nxc6 bxc6 17.Nd4 Qd7 18.Nxc6 Bxg2 19.Kxg2 Rdc8 20.Qa4 Nd5 21.
Bd4 Bxd4 22.Nxd4 Qxa4 23.bxa4 1/2-1/2

[Event "Torneo Circolo Salvadanee'"]
[Site "Milano ITA"]
[Date "1996.04.19"]
[Round "7"]
[White "Pozzi, Enrico"]
[Black "Di Fonzo, Valerio"]
[Result "0-1"]
[WhiteElo "2240"]
[BlackElo "2225"]
[PlyCount "41"]
[EventDate "1996.04.13"]

1.e4 e5 2.Nf3 Nc6 3.Bc4 Bc5 4.c3 Nf6 5.d3 a6 6.Bb3 d6 7.Nbd2 h6 8.Nf1 O-O 
9.Be3 Bxe3 10.Nxe3 Nh5 11.g3 Be6 12.Nh4 Nf4 13.Nhf5 Bxb3 14.axb3 Ne6 15.
O-O g6 16.Nxh6+ Kg7 17.Nhf5+ gxf5 18.exf5 Ng5 19.Ra4 e4 20.dxe4 b6 21.f4 
0-1

[Event "Torneo Circolo Salvadanee'"]
[Site "Milano ITA"]
[Date "1996.04.19"]
[Round "7"]
[White "Sulava, Nenad"]
[Black "Efimov, Igor"]
[Result "1-0"]
[WhiteElo "2480"]
[BlackElo "2455"]
[PlyCount "87"]
[EventDate "1996.04.13"]

1.Nf3 d5 2.d4 Bg4 3.Ne5 Be6 4.c4 c6 5.cxd5 cxd5 6.Nc3 f6 7.Nd3 Bf7 8.e4 e6
9.exd5 exd5 10.Nf4 Nc6 11.g3 g5 12.Nfe2 Nge7 13.h4 Ng6 14.Bg2 Bb4 15.hxg5 
fxg5 16.a3 Be7 17.Qb3 Na5 18.Qb5+ Kf8 19.b4 Nb3 20.Rb1 Nxc1 21.Rxc1 a5 22.
Nxd5 Bxd5 23.Bxd5 axb4 24.axb4 Qd6 25.Qxb7 Ra6 26.O-O Rb6 27.Qc8+ Kg7 28.
Qf5 Rf8 29.Qe4 Qd7 30.Rc6 Rxb4 31.Rfc1 Rd8 32.Be6 Qb7 33.Bf5 Rd6 34.Bxg6 
Rxg6 35.Rxg6+ hxg6 36.Qe5+ Kf7 37.Rc7 Rb1+ 38.Nc1 Qb4 39.Qd5+ Kf6 40.Qe5+ 
Kf7 41.Kg2 Qa3 42.Qd5+ Kf6 43.Nd3 g4 44.Ne5 1-0

[Event "Torneo Circolo Salvadanee'"]
[Site "Milano ITA"]
[Date "1996.04.19"]
[Round "7"]
[White "Valenti, Giuseppe"]
[Black "Cebalo, Miso"]
[Result "0-1"]
[WhiteElo "2210"]
[BlackElo "2495"]
[PlyCount "56"]
[EventDate "1996.04.13"]

1.e4 c5 2.c3 d6 3.d4 Nf6 4.Bd3 Nc6 5.Nf3 Bg4 6.d5 Bxf3 7.Qxf3 Ne5 8.Qe2 
Nxd3+ 9.Qxd3 Nd7 10.f4 g6 11.Nd2 Bg7 12.O-O O-O 13.a4 Qc7 14.Nc4 b6 15.Bd2
a6 16.Na3 Rfc8 17.b3 c4 18.Qxc4 Qc5+ 19.Kh1 Qxc4 20.Nxc4 Rab8 21.a5 b5 22.
Nb6 Nxb6 23.axb6 Rxb6 24.Be3 Rbb8 25.Rxa6 Rxc3 26.Bb6 Rxb3 27.Bc7 Rc8 28.
Rc6 Rc3 0-1

[Event "Torneo Circolo Salvadanee'"]
[Site "Milano ITA"]
[Date "1996.04.20"]
[Round "8"]
[White "Cebalo, Miso"]
[Black "Pozzi, Enrico"]
[Result "1-0"]
[WhiteElo "2495"]
[BlackElo "2240"]
[PlyCount "65"]
[EventDate "1996.04.13"]

1.d4 d6 2.Nf3 Bg4 3.e4 c6 4.h3 Bh5 5.Nc3 Nf6 6.g4 Bg6 7.Qe2 e6 8.h4 h5 9.
g5 Nfd7 10.d5 e5 11.Bh3 Nb6 12.a4 Be7 13.a5 N6d7 14.a6 bxa6 15.dxc6 Nxc6 
16.Rxa6 Nd4 17.Nxd4 exd4 18.Nd5 Nc5 19.Qb5+ Kf8 20.f3 Nxa6 21.Qxa6 Kg8 22.
Qb7 Bf8 23.O-O Qb8 24.Qc6 Qe8 25.Bd7 Qd8 26.b4 Kh7 27.Bb2 Be7 28.Bxd4 Bxg5
29.hxg5 Qxg5+ 30.Kh1 Qh4+ 31.Kg2 Qg5+ 32.Kh3 Rhd8 33.Be3 1-0

[Event "Torneo Circolo Salvadanee'"]
[Site "Milano ITA"]
[Date "1996.04.20"]
[Round "8"]
[White "Efimov, Igor"]
[Black "Valenti, Giuseppe"]
[Result "1/2-1/2"]
[WhiteElo "2455"]
[BlackElo "2210"]
[PlyCount "123"]
[EventDate "1996.04.13"]

1.e4 c5 2.Nf3 e6 3.d4 cxd4 4.Nxd4 Nf6 5.Nc3 d6 6.Be3 a6 7.Be2 Be7 8.f4 Nc6
9.Nb3 O-O 10.Bf3 Qc7 11.g4 Re8 12.g5 Nd7 13.a4 b6 14.O-O Rb8 15.Bg2 b5 16.
axb5 axb5 17.Qh5 g6 18.Qh6 Bf8 19.Qh4 b4 20.Nd1 Bg7 21.Rf3 f5 22.gxf6 Nxf6
23.Nf2 Rf8 24.Kh1 Rb5 25.Re1 Rh5 26.Qg3 Na5 27.Bd2 Nc6 28.Rd3 Ba6 29.Rde3 
Rb5 30.Bf1 Nh5 31.Qg4 Nxf4 32.Bxb5 Bxb5 33.Qd1 Qe7 34.Rf3 Qh4 35.Nd3 Nxd3 
36.cxd3 Rxf3 37.Qxf3 Ne5 38.Qg2 Bxd3 39.Bxb4 Ng4 40.Qg3 Bxe4+ 41.Kg1 Qxg3+
42.hxg3 Bd5 43.Nd2 Bd4+ 44.Kf1 Ne3+ 45.Rxe3 Bxe3 46.Ke2 Bc5 47.Ba5 Kf7 48.
b4 Bd4 49.Nf3 Bxf3+ 50.Kxf3 Bc3 51.Ke3 d5 52.Kd3 Be1 53.g4 e5 54.Ke2 Bc3 
55.Kd3 d4 56.Bc7 Bxb4 57.Bxe5 Bc3 58.Ke4 Ke6 59.Bf4 h5 60.gxh5 gxh5 61.Bg3
Bb2 62.Bf2 1/2-1/2

[Event "Torneo Circolo Salvadanee'"]
[Site "Milano ITA"]
[Date "1996.04.20"]
[Round "8"]
[White "Magrini, Riccardo"]
[Black "Iudicello, Marco"]
[Result "0-1"]
[WhiteElo "2300"]
[BlackElo "2215"]
[PlyCount "76"]
[EventDate "1996.04.13"]

1.d4 e6 2.e4 d5 3.Nc3 Bb4 4.e5 c5 5.a3 Bxc3+ 6.bxc3 Nc6 7.h4 Bd7 8.h5 Qc7 
9.a4 Nge7 10.Nf3 cxd4 11.cxd4 Nb4 12.c4 dxc4 13.Ba3 Ned5 14.Be2 h6 15.Kf1 
a5 16.Rc1 c3 17.Qb3 Rc8 18.Ne1 c2 19.Rh3 Qc6 20.Bb5 Qb6 21.Bxd7+ Kxd7 22.
Rf3 Qxd4 23.Rxf7+ Ke8 24.Rf3 Qc4+ 25.Qxc4 Rxc4 26.Rb3 Kd7 27.Bxb4 Nxb4 28.
Ke2 Rhc8 29.Kd2 R8c5 30.Re3 Rd5+ 31.Ke2 Rcd4 32.Ra3 Rxe5+ 33.Kf3 Rxe1 34.
Rxe1 Rd1 35.Ra1 Rxe1 36.Rxe1 Nd3 37.Re3 Ne5+ 38.Rxe5 c1=Q 0-1

[Event "Torneo Circolo Salvadanee'"]
[Site "Milano ITA"]
[Date "1996.04.20"]
[Round "8"]
[White "Vujovic, Milorad"]
[Black "Di Fonzo, Valerio"]
[Result "1-0"]
[WhiteElo "2345"]
[BlackElo "2225"]
[PlyCount "87"]
[EventDate "1996.04.13"]

1.c4 e5 2.Nc3 Nc6 3.g3 g6 4.Bg2 Bg7 5.e3 f5 6.Nge2 Nf6 7.Rb1 a5 8.a3 O-O 
9.d3 d6 10.b4 axb4 11.axb4 Nh5 12.Nd5 Ne7 13.b5 Nxd5 14.Bxd5+ Kh8 15.Bf3 
f4 16.exf4 exf4 17.Bxh5 gxh5 18.Nxf4 Bg4 19.Qb3 Qe8+ 20.Be3 Bf3 21.O-O 
Rxf4 22.Bxf4 Bd4 23.h4 Qd7 24.Kh2 Qg4 25.Qc2 Rf8 26.Qd2 Bf6 27.Bh6 Rg8 28.
Qf4 Qxf4 29.Bxf4 Be2 30.Rfd1 Bxd1 31.Rxd1 Re8 32.Be3 Ra8 33.d4 Ra2 34.c5 
d5 35.Bf4 Rxf2+ 36.Kg1 Rb2 37.Bxc7 Rxb5 38.Kf2 Rb2+ 39.Ke3 Rb5 40.Rf1 Rb2 
41.Be5 Bxe5 42.dxe5 Rb4 43.Rf4 Rb1 44.Rd4 1-0

[Event "Torneo Circolo Salvadanee'"]
[Site "Milano ITA"]
[Date "1996.04.21"]
[Round "9"]
[White "Di Fonzo, Valerio"]
[Black "Cebalo, Miso"]
[Result "0-1"]
[WhiteElo "2225"]
[BlackElo "2495"]
[PlyCount "126"]
[EventDate "1996.04.13"]

1.e4 c5 2.Nf3 e6 3.d4 cxd4 4.Nxd4 Nc6 5.Nb5 d6 6.c4 Nf6 7.N1c3 a6 8.Na3 
Be7 9.Be2 b6 10.Be3 Bb7 11.Qb3 Nd7 12.O-O Nce5 13.Qc2 g5 14.Rad1 Qc7 15.
Qb1 Nc5 16.Bd4 Rg8 17.Bxe5 dxe5 18.b4 Nd7 19.Rfe1 Rc8 20.Bf1 g4 21.Na4 h5 
22.Rc1 h4 23.c5 bxc5 24.Nxc5 Nxc5 25.bxc5 g3 26.fxg3 hxg3 27.h3 Bxc5+ 28.
Kh1 Qe7 29.Nc4 Bb4 30.Red1 Rg4 31.Nxe5 Rxc1 32.Qxc1 Rxe4 33.Nc6 Qh4 34.
Rd8+ Qxd8 35.Nxd8 Kxd8 36.Qg5+ Kd7 37.Qxg3 Re1 38.Qd3+ Ke7 39.Qc4 Ba5 40.
Kh2 Kd8 41.Qd3+ Bd5 42.Qxa6 Bc7+ 43.Kg1 Rb1 44.Qd3 Bb6+ 45.Kh2 Ra1 46.a3 
Bc5 47.Qb5 Bd6+ 48.Kg1 Rxa3 49.Qb2 Ke7 50.Qb5 Ra2 51.Qd3 Be5 52.Be2 f5 53.
Bf3 Bg3 54.Qc3 Bxf3 55.gxf3 Kf7 56.Qb3 Rd2 57.Qb7+ Kf6 58.Qh7 Bf2+ 59.Kf1 
Be3 60.h4 Rf2+ 61.Ke1 Rxf3 62.Qh8+ Ke7 63.Qg7+ Kd6 0-1

[Event "Torneo Circolo Salvadanee'"]
[Site "Milano ITA"]
[Date "1996.04.21"]
[Round "9"]
[White "Iudicello, Marco"]
[Black "Vujovic, Milorad"]
[Result "1-0"]
[WhiteElo "2215"]
[BlackElo "2345"]
[PlyCount "127"]
[EventDate "1996.04.13"]

1.e4 e5 2.Nf3 Nc6 3.Bc4 Be7 4.O-O Nf6 5.d4 d6 6.Qd3 exd4 7.Nxd4 Ne5 8.Qb3 
Nxe4 9.Bd5 Nc5 10.Qg3 c6 11.f4 Ng6 12.Nxc6 bxc6 13.Bxc6+ Bd7 14.Bxa8 Qxa8 
15.f5 Bh4 16.Qxd6 Be7 17.Qg3 Ne4 18.Qe1 Ne5 19.Nc3 Bc6 20.Nxe4 Bxe4 21.Rf4
Bc5+ 22.Be3 Qc6 23.Qc3 Bd6 24.Qxc6+ Bxc6 25.Bxa7 O-O 26.a4 Ra8 27.Bf2 h5 
28.a5 Ng4 29.Rc4 Bb5 30.Rc3 Bxh2+ 31.Kh1 Be5 32.Rb3 Bc4 33.Rb4 Nxf2+ 34.
Kg1 Ng4 35.Rxc4 Bxb2 36.Ra2 Bc1 37.a6 Re8 38.g3 Be3+ 39.Kg2 Ba7 40.Rc7 
Re2+ 41.Kf1 Rf2+ 42.Ke1 Be3 43.Rd7 Bc5 44.a7 Bb4+ 45.Kd1 Rf1+ 46.Ke2 Re1+ 
47.Kd3 Ne5+ 48.Kd4 Nxd7 49.a8=Q+ Kh7 50.Qa4 Bc5+ 51.Kc3 Re3+ 52.Kd2 Ne5 
53.Qf4 Nf3+ 54.Kc1 Bd4 55.c4 Rc3+ 56.Kd1 Be5 57.Qe4 f6 58.Rc2 Ra3 59.c5 
Bxg3 60.c6 Bc7 61.Qe7 Ra7 62.Qf7 Ne5 63.Qxh5+ Kg8 64.Qe8+ 1-0

[Event "Torneo Circolo Salvadanee'"]
[Site "Milano ITA"]
[Date "1996.04.21"]
[Round "9"]
[White "Sulava, Nenad"]
[Black "Magrini, Riccardo"]
[Result "1-0"]
[WhiteElo "2480"]
[BlackElo "2300"]
[PlyCount "95"]
[EventDate "1996.04.13"]

1.Nf3 f5 2.e4 fxe4 3.Ng5 e5 4.d4 exd4 5.Nxe4 Qe7 6.Bd3 d5 7.Qh5+ g6 8.Qxd5
Nf6 9.Qxd4 Nxe4 10.Qxe4 Bd7 11.Bg5 Qxe4+ 12.Bxe4 Bc6 13.Nc3 Bxe4 14.Nxe4 
Bg7 15.Bf6 Bxf6 16.Nxf6+ Kf7 17.Ne4 Re8 18.f3 Na6 19.O-O-O Re7 20.h4 h6 
21.h5 g5 22.g4 Ke8 23.Ng3 Rd8 24.Rde1 Rxe1+ 25.Rxe1+ Kf7 26.Nf5 Rh8 27.b4 
Nxb4 28.Re7+ Kf6 29.Rxc7 Nxa2+ 30.Kb2 Nb4 31.Rxb7 Nc6 32.Rc7 Ne5 33.Rxa7 
Nxf3 34.Ra6+ Ke5 35.Nxh6 Rb8+ 36.Kc3 Kf4 37.Rf6+ Kg3 38.Nf7 Kxg4 39.h6 
Rc8+ 40.Kd3 Ne1+ 41.Kd2 Nf3+ 42.Rxf3 Kxf3 43.Nxg5+ Kg4 44.Nf7 Kh5 45.h7 
Kg6 46.h8=Q Rxh8 47.Nxh8+ Kg7 48.c4 1-0

[Event "Torneo Circolo Salvadanee'"]
[Site "Milano ITA"]
[Date "1996.04.21"]
[Round "9"]
[White "Valenti, Giuseppe"]
[Black "Lanzani, Mario"]
[Result "1-0"]
[WhiteElo "2210"]
[BlackElo "2320"]
[PlyCount "87"]
[EventDate "1996.04.13"]

1.e4 c5 2.Nf3 d6 3.d4 cxd4 4.Nxd4 Nf6 5.Nc3 g6 6.Bc4 Bg7 7.Be3 O-O 8.f3 
Nc6 9.Qd2 Bd7 10.h4 Rc8 11.Bb3 Ne5 12.O-O-O Nc4 13.Bxc4 Rxc4 14.g4 Qa5 15.
Nb3 Qa6 16.h5 Rfc8 17.hxg6 fxg6 18.Kb1 Be6 19.Bd4 Bf7 20.Qh2 b5 21.Rd2 e5 
22.Be3 b4 23.Nd1 Qb5 24.Bg5 a5 25.Ne3 a4 26.Nxc4 Qxc4 27.Nc1 a3 28.Qh4 
axb2 29.Nb3 Qe6 30.Rhd1 d5 31.exd5 Qa6 32.Rh1 Ra8 33.Kxb2 e4 34.Kc1 e3 35.
Bxe3 Bxd5 36.Bd4 Bxf3 37.Bxf6 Bxf6 38.Qxh7+ Kf8 39.Qh6+ Kf7 40.Qh7+ Kf8 
41.Qh6+ Kg8 42.Rd7 Bg5+ 43.Qxg5 Bxh1 44.Qe5 1-0

[Event "Weekend"]
[Site "Francofonte ITA"]
[Date "1996.03.??"]
[Round "1"]
[White "De Marco, Ivan"]
[Black "Alaimo, Riccardo"]
[Result "0-1"]
[WhiteElo "1793"]
[BlackElo "2110"]
[PlyCount "70"]
[EventDate "1996.03.02"]

1. e4 c5 2. Nf3 d6 3. d4 cxd4 4. Nxd4 Nf6 5. Nc3 a6 6. Be2 e5 7. Nb3 Be7 8. Be3
Be6 9. O-O O-O 10. Nd2 b5 11. a3 Nbd7 12. f4 d5 13. fxe5 Nxe5 14. exd5 Nxd5 15.
Nxd5 Qxd5 16. Nf3 Bc5 17. Bxc5 Qxc5+ 18. Kh1 Rfd8 19. Qc1 Ng4 20. Bd3 Nf2+ 21.
Rxf2 Qxf2 22. Qg5 Rd5 23. Qf4 Rad8 24. Rf1 Qc5 25. b4 Qd6 26. Qh4 Bf5 27. Ng5
Qg6 28. Ne4 Rd4 29. Qe7 Qe6 30. Qc7 Rc8 31. Qa7 Rxe4 32. Qf2 Bg6 33. Bxe4 Bxe4
34. Re1 Rxc2 35. Qh4 Bxg2+ 0-1

[Event "Weekend"]
[Site "Francofonte ITA"]
[Date "1996.03.??"]
[Round "2"]
[White "Alaimo, Riccardo"]
[Black "Napoli Costa, Aurelio"]
[Result "1/2-1/2"]
[WhiteElo "2110"]
[BlackElo "1950"]
[PlyCount "117"]
[EventDate "1996.03.02"]

1. e4 c5 2. Nc3 d6 3. f4 Nc6 4. Nf3 Bg4 5. Bb5 Rc8 6. O-O e6 7. h3 Bxf3 8. Qxf3
Nf6 9. d3 Be7 10. Kh1 h5 11. e5 Nd7 12. Bxc6 Rxc6 13. exd6 Bxd6 14. Ne4 Bb8 15.
Bd2 Qe7 16. Bc3 f6 17. Rae1 Kd8 18. Re2 Qf7 19. Rfe1 Re8 20. d4 cxd4 21. Bxd4
Kc8 22. b4 a6 23. a4 Rc4 24. Qd3 e5 25. fxe5 Nxe5 26. Bxe5 Rxe5 27. Rd1 Bc7 28.
b5 axb5 29. axb5 Kb8 30. b6 Bxb6 31. Nd6 Rd4 32. Qxd4 Bxd4 33. Nxf7 Rxe2 34.
Rxd4 Rxc2 35. Nd6 Rc6 36. Nb5 Rc1+ 37. Kh2 Kc8 38. Rc4+ Rxc4 39. Nd6+ Kd7 40.
Nxc4 b5 41. Nb2 Kd6 42. Kg3 Kd5 43. Kf3 Kd4 44. Ke2 Kc3 45. Nd3 b4 46. Ke3 b3
47. g3 b2 48. Nxb2 Kxb2 49. Ke4 Kc3 50. Kf5 Kd3 51. Kg6 Ke4 52. Kxh5 Kf3 53. g4
Kg3 54. h4 Kf4 55. g5 fxg5 56. hxg5 Kf5 57. g6 Kf6 58. Kh4 Kxg6 59. Kg4 1/2-1/2

[Event "Weekend"]
[Site "Francofonte ITA"]
[Date "1996.03.??"]
[Round "4"]
[White "Alaimo, Riccardo"]
[Black "Ljubisavljevic, Zivojin Z."]
[Result "1/2-1/2"]
[WhiteElo "2110"]
[BlackElo "2270"]
[PlyCount "89"]
[EventDate "1996.03.02"]

1. e4 e6 2. d4 d5 3. Nc3 dxe4 4. Nxe4 Nd7 5. Nf3 Ngf6 6. Nxf6+ Nxf6 7. Bd3 Be7
8. Bg5 h6 9. Bh4 O-O 10. Qe2 Nd5 11. Bxe7 Qxe7 12. O-O-O Nf4 13. Qe4 Nxd3+ 14.
Rxd3 a5 15. g4 a4 16. a3 Ra5 17. Ne5 Rd5 18. h4 b5 19. g5 Bb7 20. Rg1 h5 21. g6
f5 22. Qf4 c5 23. Rg5 Rxd4 24. Rxd4 cxd4 25. Rxh5 b4 26. Nf7 Rxf7 27. gxf7+
Kxf7 28. Qxd4 bxa3 29. bxa3 Qxa3+ 30. Qb2 Qe7 31. Rg5 g6 32. Rg3 Bd5 33. h5 g5
34. Qh8 Qf6 35. Qxf6+ Kxf6 36. Kb2 g4 37. Ka3 Kg5 38. h6 Kxh6 39. Kxa4 Kg5 40.
Kb4 f4 41. Rg1 g3 42. fxg3 f3 43. c4 Bb7 44. Kc3 Kg4 45. Kd4 1/2-1/2

[Event "Weekend"]
[Site "Francofonte ITA"]
[Date "1996.03.??"]
[Round "5"]
[White "Fabiano, Giuseppe"]
[Black "Alaimo, Riccardo"]
[Result "0-1"]
[WhiteElo "2240"]
[BlackElo "2110"]
[PlyCount "94"]
[EventDate "1996.03.02"]

1. Nf3 c5 2. g3 d5 3. Bg2 Nc6 4. O-O e5 5. d3 f6 6. c4 d4 7. e4 Be6 8. Nh4 Qd7
9. f4 O-O-O 10. Nd2 exf4 11. gxf4 g5 12. f5 Bf7 13. Nhf3 Bd6 14. e5 Nxe5 15.
Nxe5 Bxe5 16. Ne4 Qc7 17. h3 h5 18. b4 cxb4 19. a3 g4 20. h4 b3 21. Qxb3 Be8
22. Nc5 Bc6 23. Bxc6 Qxc6 24. Rb1 Rh7 25. Ne4 g3 26. Bf4 Bxf4 27. Rxf4 Nh6 28.
c5 Ng4 29. Qe6+ Kc7 30. Nd6 Kb8 31. Nxb7 Rxb7 32. Qxc6 Rxb1+ 33. Kg2 Ne3+ 34.
Kxg3 Rg1+ 35. Kf3 Rf1+ 36. Ke4 Re1 37. Qb5+ Kc8 38. c6 Nd1+ 39. Kf3 Re3+ 40.
Kg2 Rg8+ 41. Kf1 Re7 42. Qa6+ Kb8 43. Qb5+ Ka8 44. Rxd4 Ne3+ 45. Kf2 Ng4+ 46.
Rxg4 hxg4 47. Qd5 g3+ 0-1

[Event "Weekend"]
[Site "Francofonte ITA"]
[Date "1996.03.??"]
[Round "6"]
[White "Alaimo, Riccardo"]
[Black "Romano, Vittorio"]
[Result "1-0"]
[WhiteElo "2110"]
[BlackElo "1876"]
[PlyCount "51"]
[EventDate "1996.03.02"]

1. e4 c6 2. d4 d5 3. exd5 cxd5 4. c4 Nf6 5. Nc3 Nc6 6. Bg5 Qa5 7. Bxf6 exf6 8.
cxd5 Bb4 9. Qd2 Bxc3 10. bxc3 Qxd5 11. Nf3 O-O 12. Be2 Re8 13. O-O Bg4 14. Rab1
Re7 15. Rb5 Qd6 16. Rfb1 Rae8 17. Bd3 Bxf3 18. gxf3 Nd8 19. Be4 b6 20. Rd5 Qc7
21. Rh5 g6 22. Qh6 Rxe4 23. fxe4 gxh5 24. Kh1 Ne6 25. Rg1+ Kh8 26. Qxf6+ 1-0

[Event "Weekend"]
[Site "Francofonte ITA"]
[Date "1996.03.10"]
[Round "7"]
[White "Licciardello, Salvatore"]
[Black "Alaimo, Riccardo"]
[Result "1-0"]
[WhiteElo "1854"]
[BlackElo "2110"]
[PlyCount "75"]
[EventDate "1996.03.02"]

1. e4 c5 2. Nf3 d6 3. d4 cxd4 4. Nxd4 Nf6 5. Nc3 a6 6. Be3 e5 7. Nb3 Be7 8. a4
Qc7 9. Qd2 Be6 10. f3 Nbd7 11. a5 Qc6 12. Be2 d5 13. exd5 Nxd5 14. Nxd5 Bxd5
15. O-O O-O 16. Bd3 Nf6 17. Bb6 Rfe8 18. Kh1 Bd8 19. Bf2 Bc7 20. Bh4 Nh5 21.
Rad1 Nf4 22. Nc1 f6 23. b4 Rad8 24. Bg3 Nh5 25. Be1 e4 26. fxe4 Rxe4 27. Ne2
Rg4 28. Ng3 Bf4 29. Qe2 Rh4 30. Bc4 Bxg3 31. Rxd5 Rxc4 32. Rxd8+ Kf7 33. Qxh5+
Ke7 34. Rd2 Be5 35. Bg3 Bxg3 36. hxg3 Rxb4 37. Re1+ Re4 38. Rxe4+ 1-0

[Event "Weekend"]
[Site "Francofonte ITA"]
[Date "1996.03.??"]
[Round "8"]
[White "Bianca, Maurizio"]
[Black "Alaimo, Riccardo"]
[Result "0-1"]
[WhiteElo "1833"]
[BlackElo "2110"]
[PlyCount "46"]
[EventDate "1996.03.02"]

1. d4 Nf6 2. Nc3 d5 3. e4 dxe4 4. f3 Bf5 5. fxe4 Nxe4 6. Qf3 Nd6 7. Bf4 e6 8.
O-O-O Nd7 9. g4 Bg6 10. Bb5 c6 11. d5 cxd5 12. Bxd6 Bxd6 13. Nxd5 exd5 14. Qxd5
Bf4+ 15. Kb1 O-O 16. Bxd7 Qc7 17. Bf5 Rfd8 18. Qf3 Rxd1+ 19. Qxd1 Rd8 20. Qe1
Bxf5 21. gxf5 Qc6 22. Ne2 Re8 23. Qd1 Rxe2 0-1

[Event "III Weekend Nervi A"]
[Site "Genova ITA"]
[Date "1996.01.??"]
[Round "?"]
[White "Sula, Zeqir"]
[Black "Romano, Edgar"]
[Result "1/2-1/2"]
[WhiteElo "2330"]
[BlackElo "2095"]
[PlyCount "96"]
[EventDate "1996.01.20"]

1. d4 Nf6 2. c4 g6 3. Nc3 d5 4. Nf3 Bg7 5. Qb3 dxc4 6. Qxc4 O-O 7. e4 Bg4 8.
Be3 Nfd7 9. Rd1 Nc6 10. Be2 Nb6 11. Qc5 Qd6 12. d5 Ne5 13. Nxe5 Bxe2 14. Nxe2
Bxe5 15. b3 f5 16. Qxd6 exd6 17. exf5 Rxf5 18. O-O Bg7 19. Bxb6 axb6 20. Rd2
Ra5 21. Rfd1 Bh6 22. g4 Bxd2 23. gxf5 Rxd5 24. fxg6 hxg6 25. Kf1 c6 26. Ng1 Kf7
27. Nf3 Bf4 28. Rxd5 cxd5 29. Ke2 Ke6 30. h3 Be5 31. Ne1 Kf5 32. Kf3 Bc3 33.
Nd3 Bd2 34. Ke2 Bc3 35. Ke3 b5 36. a3 b6 37. f4 d4+ 38. Kf3 Bd2 39. a4 bxa4 40.
bxa4 Bc3 41. Nf2 Bd2 42. Nd3 Bc3 43. Nc1 Bd2 44. Ne2 Bc3 45. Ng3+ Ke6 46. Ke4
d5+ 47. Kd3 Bb2 48. h4 Ba1 1/2-1/2

[Event "XXVIII C.to Italiano a squadre"]
[Site "ITA"]
[Date "1996.??.??"]
[Round "?"]
[White "Abatino, Maurizio"]
[Black "Fiore, Mario"]
[WhiteElo "2335"]
[BlackElo "2340"]
[Result "1/2-1/2"]
[PlyCount "56"]
[EventDate "1996.02.25"]

1. d4 d5 2. c4 c6 3. Nf3 Nf6 4. Nc3 dxc4 5. a4 Bf5 6. e3 e6 7. Bxc4 Bb4 8. O-O
Nbd7 9. Qe2 Bg4 10. h3 Bxf3 11. Qxf3 O-O 12. Rd1 Rc8 13. e4 e5 14. Ne2 exd4 15.
Nxd4 Ne5 16. Qe2 Nxc4 17. Qxc4 Qa5 18. Nb3 Qh5 19. Be3 a5 20. Bb6 Rfe8 21. f3
Qe5 22. Qd4 Qg5 23. Qe3 Qe5 24. Bd4 Qe6 25. Qg5 h6 26. Qe3 Nd5 27. Qf2 Nf4 28.
Nc1 Rcd8 1/2-1/2

[Event "XXVIII C.to Italiano a squadre"]
[Site "ITA"]
[Date "1996.??.??"]
[Round "?"]
[White "Abatino, Maurizio"]
[Black "Genovese, Maurizio"]
[WhiteElo "2335"]
[BlackElo "2265"]
[Result "1-0"]
[PlyCount "123"]
[EventDate "1996.02.25"]

1. d4 Nf6 2. c4 e6 3. Nc3 d5 4. cxd5 exd5 5. Bg5 c6 6. e3 Bf5 7. Qf3 Bg6 8.
Bxf6 Qxf6 9. Qxf6 gxf6 10. Nf3 Nd7 11. Be2 a5 12. O-O a4 13. Rfc1 a3 14. b3 Nb6
15. Ne1 Bd6 16. Nd3 Ke7 17. Nc5 Bxc5 18. dxc5 Nd7 19. f4 Rhd8 20. Na4 Be4 21.
Kf2 f5 22. Bf3 Ra5 23. Bxe4 dxe4 24. Rc4 Nf6 25. Rd4 Rxd4 26. exd4 Ra8 27. Nb6
Rd8 28. Rd1 Ke6 29. Nc4 Nd5 30. g3 h5 31. Rd2 h4 32. Re2 hxg3+ 33. hxg3 Nb4 34.
Rd2 Nd3+ 35. Ke3 Rg8 36. Rg2 Ne1 37. Rh2 Nf3 38. Rg2 Rd8 39. Nd6 b5 40. g4 fxg4
41. Kxe4 Rg8 42. f5+ Kf6 43. d5 Ne5 44. dxc6 Nxc6 45. Kf4 b4 46. Rd2 Rh8 47.
Ne4+ Kg7 48. Rd6 g3 49. Kxg3 Ne5 50. Kf4 f6 51. Rxf6 Nd3+ 52. Ke3 Nc1 53. Rg6+
Kf7 54. Rg2 Rh3+ 55. Kd4 Ke7 56. Rc2 Nxb3+ 57. axb3 Rxb3 58. c6 Rh3 59. Kc4 Kd8
60. Kxb4 a2 61. Rxa2 Kc7 62. Rd2 1-0

[Event "XXVIII C.to Italiano a squadre"]
[Site "ITA"]
[Date "1996.??.??"]
[Round "?"]
[White "Agnello, Giuseppe"]
[Black "Scerbo, Antonio"]
[WhiteElo "2175"]
[BlackElo "2135"]
[Result "0-1"]
[PlyCount "64"]
[EventDate "1996.02.25"]

1. e4 c5 2. c3 d5 3. exd5 Qxd5 4. d4 Nc6 5. Nf3 Bg4 6. Be2 cxd4 7. cxd4 e6 8.
Nc3 Bb4 9. O-O Bxc3 10. bxc3 Nge7 11. h3 Bh5 12. Rb1 Qxa2 13. Rxb7 O-O 14. Rb2
Qa1 15. Bd3 Bg6 16. Bxg6 Nxg6 17. Qc2 Qa5 18. Bd2 Rab8 19. Rfb1 Rxb2 20. Rxb2
h6 21. c4 Qh5 22. Qe4 Nge7 23. Rb7 Rd8 24. Bc3 Qf5 25. Qe3 Qc2 26. d5 Nf5 27.
Qc5 Qxc3 28. dxc6 Rd1+ 29. Kh2 Qc1 30. Ne1 Rxe1 31. g4 Qf4+ 32. Kg2 Nh4# 0-1

[Event "XXVIII C.to Italiano a squadre"]
[Site "ITA"]
[Date "1996.??.??"]
[Round "?"]
[White "Alaimo, Riccardo"]
[Black "Lupo, Francesco"]
[WhiteElo "2110"]
[BlackElo "1737"]
[Result "1-0"]
[PlyCount "49"]
[EventDate "1996.02.25"]

1. e4 c5 2. Nc3 Nc6 3. f4 e6 4. Nf3 d5 5. Bb5 d4 6. Bxc6+ bxc6 7. Ne2 Nf6 8. d3
Ba6 9. b3 Be7 10. O-O Qc7 11. Bd2 O-O 12. Ng3 Rfd8 13. Qe1 Nd7 14. f5 e5 15.
Nh5 f6 16. Qg3 Bf8 17. Bh6 Nb6 18. Nxf6+ Kh8 19. Bg5 gxf6 20. Bxf6+ Bg7 21.
Bxd8 Rxd8 22. Ng5 Qe7 23. f6 Bxf6 24. Rxf6 Qxf6 25. Rf1 1-0

[Event "XXVIII C.to Italiano a squadre"]
[Site "ITA"]
[Date "1996.??.??"]
[Round "?"]
[White "Alaimo, Riccardo"]
[Black "Pennisi, Giovanni"]
[WhiteElo "2110"]
[BlackElo "1752"]
[Result "0-1"]
[PlyCount "80"]
[EventDate "1996.02.25"]

1. e4 c5 2. Nc3 e6 3. f4 Nc6 4. Nf3 g6 5. Bc4 Bg7 6. O-O Nge7 7. Qe1 O-O 8. d3
d5 9. Bb3 d4 10. Nd1 e5 11. Qh4 Qd7 12. Nf2 b5 13. h3 Ba6 14. Ng4 c4 15. f5
Nxf5 16. exf5 gxf5 17. Nf6+ Bxf6 18. Qxf6 Qe6 19. Qxe6 fxe6 20. dxc4 e4 21. Ng5
bxc4 22. Ba4 Nd8 23. Bd7 Bc8 24. Bxc8 Rxc8 25. h4 e5 26. Bd2 h6 27. Nh3 Rf6 28.
Nf2 e3 29. Ng4 fxg4 30. Rxf6 exd2 31. Rxh6 Kg7 32. Ra6 e4 33. Kf2 Nc6 34. c3
e3+ 35. Ke2 Rf8 36. Rg1 Rf2+ 37. Kd1 d3 38. Rxc6 Rf1+ 39. Rxf1 e2+ 40. Kxd2
exf1=Q 0-1

[Event "XXVIII C.to Italiano a squadre"]
[Site "ITA"]
[Date "1996.??.??"]
[Round "?"]
[White "Alaimo, Riccardo"]
[Black "Tommaselli, Salvatore"]
[WhiteElo "2110"]
[BlackElo "1600"]
[Result "1-0"]
[PlyCount "41"]
[EventDate "1996.02.25"]

1. e4 d6 2. d4 Nf6 3. Nc3 g6 4. Bc4 Bg7 5. Qe2 Nc6 6. e5 Nxd4 7. exf6 Nxe2 8.
fxg7 Rg8 9. Ngxe2 Rxg7 10. Bh6 Rg8 11. O-O-O e5 12. f4 exf4 13. Ne4 Be6 14. Bg5
Qc8 15. Nf6+ Kf8 16. Bxe6 fxe6 17. Nxg8 Kxg8 18. Nxf4 Qd7 19. h4 Kg7 20. h5
gxh5 21. Rxh5 1-0